| 000 | 00552nam a2200169 i 4500 | ||
|---|---|---|---|
| 001 | 30318 | ||
| 003 | ES-MaACL | ||
| 005 | 20230909063109.0 | ||
| 007 | t| | ||
| 008 | 030124s1925 sp ||||1| spa d | ||
| 100 | 1 |
_aBarras de Aragón, Francisco de las, _d1869-1955 _925859 |
|
| 245 | 1 | 0 |
_aHojas antropométricas de Mónaco y Ginebra... / _cFrancisco de las Barras de Aragón. |
| 260 |
_aSevilla : _b[s.n., _c1925] ( _fImp. Francisco Chares) |
||
| 300 |
_a23 p. : _bil. ; _c21 cm. |
||
| 852 |
_aES-MaACL _j1807-F-13 |
||
| 999 |
_c30318 _d30318 |
||